Automation, production. Systems, and Computer integrated ... (Record no. 5231)

MARC details
000 -LEADER
fixed length control field 00374nam a2200145Ia 4500
008 - FIXED-LENGTH DATA ELEMENTS--GENERAL INFORMATION
fixed length control field 191201s2012 xx 000 0 und d
082 ## - DEWEY DECIMAL CLASSIFICATION NUMBER
Classification number 620.1
Item number GRA
100 ## - MAIN ENTRY--PERSONAL NAME
Personal name GROOVER,Mikell P
245 #0 - TITLE STATEMENT
Title Automation, production. Systems, and Computer integrated ...
250 ## - EDITION STATEMENT
Edition statement Rep
260 ## - PUBLICATION, DISTRIBUTION, ETC. (IMPRINT)
Place of publication, distribution, etc N. delhi
Name of publisher, distributor, etc PHI
Date of publication, distribution, etc 2012
300 ## - PHYSICAL DESCRIPTION
Extent 815
650 ## - SUBJECT ADDED ENTRY--TOPICAL TERM
Topical term or geographic name as entry element M.Tech (ME)
942 ## - ADDED ENTRY ELEMENTS (KOHA)
Source of classification or shelving scheme Dewey Decimal Classification
Koha item type Text Books
942 ## - ADDED ENTRY ELEMENTS (KOHA)
-- 5
Holdings
Withdrawn status Lost status Source of classification or shelving scheme Damaged status Not for loan Collection code Home library Current library Date acquired Source of acquisition Cost, normal purchase price Bill Number Total Checkouts Full call number Acc. no. / Barcode Date last seen Date last borrowed Bill Date Koha item type
    Dewey Decimal Classification     B.Tech(ME) PIET C-LIBRARY PIET C-LIBRARY 05/07/2012 IBH, New Delhi 525.00 4862 3 004.6 GRA 19292 06/10/2022 21/09/2022 03/07/2012 Text Books
    Dewey Decimal Classification     B.Tech(ME) PIET C-LIBRARY PIET C-LIBRARY 05/07/2012 IBH, New Delhi 525.00 4862 1 004.6 GRA 19293 23/02/2022 18/10/2021 03/07/2012 Text Books
    Dewey Decimal Classification     B.Tech(ME) PIET C-LIBRARY PIET C-LIBRARY 05/07/2012 IBH, New Delhi 525.00 4862 3 004.6 GRA 19294 05/12/2023 20/11/2023 03/07/2012 Text Books
    Dewey Decimal Classification     B.Tech(ME) PIET C-LIBRARY PIET C-LIBRARY 05/07/2012 IBH, New Delhi 525.00 4862 1 004.6 GRA 19295 19/12/2023 05/12/2023 03/07/2012 Text Books

Design & Developed by: PIET Central Library
R70 Miles Stone Pattikalyana Samalkha Panipat 132102
mail ID :- [email protected], Phone No:- 0180-2569700 Ex.216